000 00806nam a22002055i 4500
001 156383
003 ES-MaACL
005 20230906210410.0
008 040728s1885 fr ab |||| | fre d
040 _aCAM
_bspa
_cCAM
100 1 _aJoanne, Paul.
_9128324
245 1 0 _aPyrénées /
_cpar P. Joanne.
260 _aParis :
_bLibrairie Hachette et C.,
_c1885 (
_fImprimerie A. Lahure)
300 _aXXVII, 381, [2] p., [4] h. map. pleg. ;
_c14 cm.
490 1 _aCollection des Guides-Joanne. Guides diamant
651 4 _aPirineos-
_vGuías.
_9137312
830 0 _aCollection des Guides-Joanne. Guides diamant
_9193656
852 _aES-MaACL
_jC-299
_z-- Enc. ed. en tela con hierros dorados
_z-- Ex-libris ms. de Gustavo Sáenz Díez
_z-- Enc. al principio 48 p. de publicidad
999 _c156383
_d156383